| 000 | 00921nam a2200277Ia 4500 | ||
|---|---|---|---|
| 008 | 160803s9999 xx 000 0 und d | ||
| 020 | _a0590484109 (paperback) | ||
| 100 | _aDash, Joan | ||
| 245 | _aWe shall not be moved : | ||
| 245 | _bthe women's factory strike of 1909 / | ||
| 245 | _cJoan Dash. | ||
| 260 | _aNew York : | ||
| 260 | _bScholastic Inc. | ||
| 260 | _c1996 | ||
| 300 | _a165 pages : | ||
| 300 | _billustrations ; | ||
| 300 | _c20 cm | ||
| 500 | _aIncludes bibliographical references (pages 153-155) and index. | ||
| 650 | _aStrikes and lockouts -- Clothing trade -- New York (State) -- New York -- History -- 20th century -- | ||
| 650 | _aWomen -- Employment -- | ||
| 650 | _aWomen clothing workers -- New York (State) -- New York -- History -- 20th century -- | ||
| 650 | _x History. | ||
| 650 | _xJuvenile literature. | ||
| 650 | _xJuvenile literature. | ||
| 700 | _a1170 | ||
| 999 |
_c299823 _d299823 |
||